Ο έρωτας στην Αρχαία Ρώμη
Saved in:
| Main Author: | |
|---|---|
| Other Authors: | |
| Format: | Book |
| Language: | Greek French |
| Published: |
Αθήνα :
Δημ.Ν.Παπαδήμας,
1990.
|
| Subjects: | |
| Tags: |
Add Tag
No Tags, Be the first to tag this record!
|
MARC
| LEADER | 00000cam a2200000 i 4500 | ||
|---|---|---|---|
| 001 | 1/85770 | ||
| 008 | 960911s1990 gr | ||| |||| ||gre|| | ||
| 020 | |a 9602061138 | ||
| 035 | |a 1991 |b 3 |c Βιβλιοθήκη |l 10034780 | ||
| 040 | |a GR-MyUA |b gre |e AACR2 | ||
| 041 | 1 | |a gre |h fre | |
| 082 | 0 | |a 937.6 | |
| 100 | 1 | |a Grimal, Pierre. | |
| 245 | 1 | 2 | |a Ο έρωτας στην Αρχαία Ρώμη / |c Pierre Grimal ; μετάφραση Νίκου Μ.Τσαγκά. |
| 260 | |a Αθήνα : |b Δημ.Ν.Παπαδήμας, |c 1990. | ||
| 300 | |a 401 σ. : |b εικ. ; |c 21 εκ. | ||
| 500 | |a Τίτλος πρωτοτύπου: L'amour a Rome. | ||
| 650 | 0 | 0 | |a Sex customs |z Rome. |
| 650 | 0 | 0 | |a Marriage |z Rome. |
| 651 | 0 | |a Rome |x Social life and customs. | |
| 700 | 1 | |a Τσάγκας, Νικόλαος Μ. |d 1936- |e trl | |
| 852 | |a INST |b LESVOS |e 20070605 |h 306.70945632 GRI |p 005100038129 |q 005100038129 |t BK |y 0 | ||
| 852 | |a INST |b RHODES |e 19960911 |h 937.6 GRI |p 005400008260 |q 005400008260 |t BK |y 0 | ||
| 901 | |a BIBL1-2007-2 | ||
| 909 | |a Ρ |b 021888 | ||
| 909 | |a Λ |b 135034 | ||
| 922 | |a 4ΕΛΗ |b 199112 |c ΒΙΒΛΙΟΘΗΚΗ | ||
| 922 | |a 1ΕΛΗ |b 200705 |c ΕΠΕΑΕΚ2/ΤΚΑ |d Σ. ΠΑΤΑΚΗΣ | ||
| 970 | |a ΧΟΡΟΖΙΔΟΥ |b ΤΖΕΝΗ |z 1999/12/15 | ||